[Event "Czech-ch U18-20 Open 2022"]
[Site "Spindleruv Mlyn"]
[Date "2022.03.14"]
[Round "6.3"]
[White "Frank, Adam"]
[Black "Lajbl, Jan"]
[Result "1-0"]
[WhiteElo "2270"]
[BlackElo "2218"]
[Annotator "ChessBase"]
[PlyCount "117"]
[EventDate "2022.03.10"]
[EventType "tourn"]
[EventCountry "CZE"]
[SourceTitle "playchess.com"]
[Source "ChessBase"]
[SourceQuality "1"]
[TimeControl "40/5400+30:1800+30"]

1. e4 {[%emt 0:00:02]} c6 {[%emt 0:08:38]} 2. d4 {[%emt 0:00:06]} d5 {[%emt 0:00:07]} 3. Nd2 {[%emt 0:00:04]} dxe4 {[%emt 0:00:05]} 4. Nxe4 {[%emt 0:00:04]} Nf6 {[%emt 0:00:03]} 5. Nxf6+ {[%emt 0:00:05]} exf6 {[%emt 0:00:02]} 6. c3 {[%emt 0:00:06]} Bd6 {[%emt 0:00:02]} 7. Bd3 {[%emt 0:00:04]} O-O {[%emt 0:00:04]} 8. Qc2 {[%emt 0:00:03]} Re8+ {[%emt 0:00:03]} 9. Ne2 {[%emt 0:00:04]} h5 {[%emt 0:00:02]} 10. Be3 {[%emt 0:00:04]} Nd7 {[%emt 0:00:37]} 11. O-O-O {[%emt 0:00:06]} b5 {[%emt 0:00:05]} 12. g4 {[%emt 0:20:04]} h4 {[%emt 0:04:55]} 13. Rhg1 {[%emt 0:02:20]} Nf8 {[%emt 0:04:46]} 14. Be4 {[%emt 0:11:27]} Qc7 {[%emt 0:05:52]} 15. g5 {[%emt 0:02:02]} f5 {[%emt 0:00:50]} 16. Bxf5 {[%emt 0:00:13]} Bxf5 {[%emt 0:00:18]} 17. Qxf5 {[%emt 0:00:03]} Ng6 {[%emt 0:00:08]} 18. h3 {[%emt 0:03:13]} Re6 {[%emt 0:06:08]} 19. Rg4 {[%emt 0:05:37]} Rae8 {[%emt 0:02:11]} 20. Kb1 {[%emt 0:00:36]} Qe7 {[%emt 0:03:25]} 21. Nc1 {[%emt 0:05:11]} Re4 {[%emt 0:07:59]} 22. Rdg1 {[%emt 0:05:54]} Qe6 {[%emt 0:02:06]} 23. Qxe4 {[%emt 0:00:11]} Qxe4+ {[%emt 0:00:06]} 24. Rxe4 {[%emt 0:00:03]} Rxe4 {[%emt 0:00:05]} 25. Kc2 {[%emt 0:03:15]} Ne7 {[%emt 0:06:35]} 26. Kd3 {[%emt 0:02:31]} Re6 {[%emt 0:00:05]} 27. Rg4 {[%emt 0:05:00]} Nf5 {[%emt 0:00:33]} 28. Ne2 {[%emt 0:00:06]} Rg6 {[%emt 0:01:16]} 29. Bf4 {[%emt 0:07:56]} Be7 {[%emt 0:04:34]} 30. Ng1 {[%emt 0:01:32]} Re6 {[%emt 0:02:12]} 31. Nf3 {[%emt 0:00:31]} c5 {[%emt 0:01:53]} 32. Nxh4 {[%emt 0:03:30]} c4+ {[%emt 0:01:05]} 33. Kd2 {[%emt 0:00:37]} Nxh4 {[%emt 0:01:21]} 34. Rxh4 {[%emt 0:00:08]} b4 {[%emt 0:00:09]} 35. d5 {[%emt 0:11:44]} Ra6 {[%emt 0:00:51]} 36. Kc2 {[%emt 0:00:11]} f6 {[%emt 0:05:43]} 37. d6 {[%emt 0:00:43]} Bxd6 {[%emt 0:01:44]} 38. Bxd6 {[%emt 0:00:03]} Rxd6 {[%emt 0:00:22]} 39. Rxc4 {[%emt 0:00:13]} fxg5 {[%emt 0:01:33]} 40. Rxb4 {[%emt 0:00:38]} Rf6 {[%emt 0:00:04]} 41. Rg4 {[%emt 0:30:54]} Rxf2+ {[%emt 0:30:19]} 42. Kb3 {[%emt 0:00:03]} Rf3 {[%emt 0:01:06]} 43. Rxg5 {[%emt 0:00:04]} Rxh3 {[%emt 0:00:05]} 44. a4 {[%emt 0:01:10]} Rh6 {[%emt 0:00:15]} 45. Kc4 {[%emt 0:01:09]} Rc6+ {[%emt 0:00:56]} 46. Rc5 {[%emt 0:00:13]} Ra6 {[%emt 0:01:55]} 47. a5 {[%emt 0:00:07]} Kf7 {[%emt 0:00:22]} 48. Kb5 {[%emt 0:00:23]} Re6 {[%emt 0:00:33]} 49. Rc7+ {[%emt 0:01:47]} Re7 {[%emt 0:00:06]} 50. Rxe7+ {[%emt 0:01:48]} Kxe7 {[%emt 0:00:04]} 51. Kc5 {[%emt 0:00:02]} g5 {[%emt 0:02:24]} 52. Kd5 {[%emt 0:00:06]} g4 {[%emt 0:01:06]} 53. Ke4 {[%emt 0:00:03]} g3 {[%emt 0:01:13]} 54. Kf3 {[%emt 0:00:03]} Kd6 {[%emt 0:00:17]} 55. b4 {[%emt 0:00:04]} Kd5 {[%emt 0:00:43]} 56. Kxg3 {[%emt 0:00:04]} Kc4 {[%emt 0:02:24]} 57. Kf3 {[%emt 0:00:06]} a6 {[%emt 0:01:21]} 58. Ke2 {[%emt 0:00:03]} Kxc3 {[%emt 0:00:11]} 59. b5 {[%emt 0:00:04]} 1-0

[Event "Czech-ch U18-20 Open 2022"]
[Site "Spindleruv Mlyn"]
[Date "2022.03.14"]
[Round "6.4"]
[White "Ocelak, Jakub"]
[Black "Babula, Vlastimil"]
[Result "1/2-1/2"]
[WhiteElo "2053"]
[BlackElo "2558"]
[Annotator "TA"]
[PlyCount "64"]
[EventDate "2022.03.10"]
[EventType "tourn"]
[EventCountry "CZE"]
[SourceTitle "playchess.com"]
[Source "ChessBase"]
[SourceQuality "1"]

{[%evp 13,64,29,43,33,45,39,24,18,28,7,59,56,83,63,93,37,82,93,95,86,110,33,68,37,96,27,145,0,100,90,102,91,77,89,81,-43,126,123,526,524,521,466,446,453,597,619,608,600,618,0,0,0,0]} 1. c4 Nf6 2. Nc3 g6 3. e4 d6 4. d4 Bg7 5. h3 O-O 6. Be3 e5 7. d5 a5 8. g4 {E71: King's Indian: 4 e4 d6 5 h3.} Na6 9. f3 c6 10. h4 {[%cal Bh3h4,Bh4h5][%mdl 32] White has an edge.} cxd5 11. cxd5 Bd7 (11... h5 $1 $11) 12. h5 $14 {[#]} Rc8 $146 ({Predecessor:} 12... Qb8 13. Nge2 b5 14. Ng3 b4 15. Nce2 Bb5 16. h6 Bh8 17. Nf5 Re8 18. Ng7 Rc8 {0-1 (59) Batsiashvili,N (2491)-Gabdrakhmanov,A (2319) Chess.com INT 2022}) 13. Qd2 Nc5 14. Nge2 $1 b5 (14... Bxg4 $1 $14 15. fxg4 Ncxe4 16. Nxe4 Nxe4) 15. Ng3 $1 $16 b4 16. Nd1 Ne8 17. Be2 (17. Qh2 $16) 17... b3 18. a3 Na4 (18... f5 $14) 19. Bd3 (19. Rc1 $1 $16) 19... Nc7 (19... Nc5 $11 {remains equal.}) 20. Bh6 ({Don't play} 20. Qxa5 $6 Bf6 $16) (20. Qh2 $16 {hxg6 is the strong threat.} h6 21. Bxh6 $1 Bxh6 22. hxg6) 20... Qf6 {[#]} (20... Bxh6 $11 21. Qxh6 Qe7) 21. Nf5 $1 $36 {[%mdl 2048] White is really pushing.} Bxh6 (21... gxf5 22. Bg5) 22. Qxh6 {White wants to mate with hxg6.} Bxf5 23. gxf5 Qg7 24. Qd2 (24. Qe3 $16) 24... Nc5 $2 (24... gxf5 $15 {stays ahead.} 25. Ne3 fxe4 26. fxe4 f5) 25. Ne3 h6 $2 {[%mdl 8192]} (25... Kh8 $16 {is a better chance.}) 26. hxg6 $18 fxg6 27. Ke2 Nxd3 28. Qxd3 {Hoping for Rag1.} ({Resist} 28. Kxd3 Ne8 29. Rag1 Qa7 $18) 28... Ne8 29. Rag1 g5 30. Ng4 Rc2+ 31. Qxc2 $2 bxc2 $11 32. Nxh6+ Kh7 $1 {Weighted Error Value: White=0.32/Black=0.73} 1/2-1/2

[Event "Czech-ch U18-20 Open 2022"]
[Site "Spindleruv Mlyn"]
[Date "2022.03.14"]
[Round "6.5"]
[White "Mladek, Richard"]
[Black "Gloser, David"]
[Result "1-0"]
[WhiteElo "2374"]
[BlackElo "2238"]
[Annotator "ChessBase"]
[PlyCount "43"]
[EventDate "2022.03.10"]
[EventType "tourn"]
[EventCountry "CZE"]
[SourceTitle "playchess.com"]
[Source "ChessBase"]
[SourceQuality "1"]
[TimeControl "40/5400+30:1800+30"]

1. d4 {[%emt 0:00:01]} d5 {[%emt 0:00:06]} 2. c4 {[%emt 0:00:05]} e6 {[%emt 0:00:03]} 3. Nf3 {[%emt 0:00:07]} Nf6 {[%emt 0:00:04]} 4. Nc3 {[%emt 0:00:05]} c5 {[%emt 0:00:04]} 5. cxd5 {[%emt 0:00:51]} exd5 {[%emt 0:00:05]} 6. Bg5 {[%emt 0:01:07]} Be6 {[%emt 0:00:11]} 7. Bxf6 {[%emt 0:00:33]} Qxf6 {[%emt 0:00:25]} 8. e4 {[%emt 0:00:05]} dxe4 {[%emt 0:01:21]} 9. Nxe4 {[%emt 0:01:49]} Qf4 {[%emt 0:07:57]} 10. Bb5+ {[%emt 0:01:33]} Nc6 {[%emt 0:09:03]} 11. Qe2 {[%emt 0:00:33]} cxd4 {[%emt 0:08:22]} 12. O-O {[%emt 0:01:31]} Be7 {[%emt 0:02:41]} 13. Nxd4 {[%emt 0:00:24]} Bd7 {[%emt 0:10:42]} 14. Nxc6 {[%emt 0:12:19]} Bxc6 {[%emt 0:10:49]} 15. Ng3 {[%emt 0:11:37]} Kf8 {[%emt 0:06:11]} 16. Rac1 {[%emt 0:07:01]} h5 {[%emt 0:02:43]} 17. Bxc6 {[%emt 0:03:30]} bxc6 {[%emt 0:00:07]} 18. Rfe1 {[%emt 0:04:22]} Bd6 {[%emt 0:06:56]} 19. Rc4 {[%emt 0:03:41]} Qf6 {[%emt 0:05:17]} 20. Rxc6 {[%emt 0:03:09]} Rd8 {[%emt 0:01:24]} 21. Nf5 {[%emt 0:13:23]} g6 {[%emt 0:03:31]} 22. Rxd6 {[%emt 0:00:12]} 1-0

[Event "Czech-ch U18-20 Open 2022"]
[Site "Spindleruv Mlyn"]
[Date "2022.03.14"]
[Round "6.6"]
[White "Vojta, Jakub"]
[Black "Svanda, Ondrej"]
[Result "1/2-1/2"]
[WhiteElo "2406"]
[BlackElo "2303"]
[Annotator "ChessBase"]
[PlyCount "60"]
[EventDate "2022.03.10"]
[EventType "tourn"]
[EventCountry "CZE"]
[SourceTitle "playchess.com"]
[Source "ChessBase"]
[SourceQuality "1"]
[TimeControl "40/5400+30:1800+30"]

1. Nf3 {[%emt 0:00:05]} c5 {[%emt 0:01:42]} 2. c4 {[%emt 0:00:05]} g6 {[%emt 0:00:10]} 3. d4 {[%emt 0:00:03]} cxd4 {[%emt 0:00:08]} 4. Nxd4 {[%emt 0:00:03]} Nf6 {[%emt 0:00:25]} 5. Nc3 {[%emt 0:00:05]} Nc6 {[%emt 0:00:04]} 6. e4 {[%emt 0:00:05]} d6 {[%emt 0:00:07]} 7. Be2 {[%emt 0:00:51]} Nxd4 {[%emt 0:00:06]} 8. Qxd4 {[%emt 0:00:03]} Bg7 {[%emt 0:00:01]} 9. Be3 {[%emt 0:04:37]} O-O {[%emt 0:00:14]} 10. Qd2 {[%emt 0:00:45]} a5 {[%emt 0:00:01]} 11. f3 {[%emt 0:09:42]} a4 {[%emt 0:00:02]} 12. Rc1 {[%emt 0:00:48]} Qa5 {[%emt 0:01:47]} 13. Nb5 {[%emt 0:01:17]} Qxd2+ {[%emt 0:15:09]} 14. Kxd2 {[%emt 0:00:34]} Bd7 {[%emt 0:00:02]} 15. Nc3 {[%emt 0:16:34]} Rfc8 {[%emt 0:01:52]} 16. Rc2 {[%emt 0:00:26]} Bc6 {[%emt 0:12:46]} 17. Nd5 {[%emt 0:01:47]} Nxd5 {[%emt 0:07:11]} 18. cxd5 {[%emt 0:01:26]} Bd7 {[%emt 0:00:01]} 19. Rhc1 {[%emt 0:01:12]} Kf8 {[%emt 0:00:01]} 20. Rxc8+ {[%emt 0:03:12]} Rxc8 {[%emt 0:00:06]} 21. Rxc8+ {[%emt 0:00:17]} Bxc8 {[%emt 0:00:02]} 22. Kc2 {[%emt 0:01:26]} Bd7 {[%emt 0:00:10]} 23. Bb6 {[%emt 0:05:29]} f5 {[%emt 0:00:53]} 24. Ba5 {[%emt 0:01:13]} fxe4 {[%emt 0:00:32]} 25. fxe4 {[%emt 0:00:05]} Be5 {[%emt 0:00:07]} 26. h3 {[%emt 0:00:17]} Kf7 {[%emt 0:01:15]} 27. Bd2 {[%emt 0:03:22]} Kf6 {[%emt 0:04:18]} 28. Be3 {[%emt 0:03:24]} g5 {[%emt 0:18:25]} 29. Bb6 {[%emt 0:09:08]} h6 {[%emt 0:03:47]} 30. Be3 {[%emt 0:01:56]} Be8 {[%emt 0:04:28]} 1/2-1/2

[Event "Czech-ch U18-20 Open 2022"]
[Site "Spindleruv Mlyn"]
[Date "2022.03.16"]
[Round "8.1"]
[White "Mica, Marek"]
[Black "Hlavina, Matous"]
[Result "1-0"]
[WhiteElo "2272"]
[BlackElo "2112"]
[Annotator "TA"]
[PlyCount "165"]
[EventDate "2022.03.10"]
[EventType "tourn"]
[EventCountry "CZE"]
[SourceTitle "playchess.com"]
[Source "ChessBase"]
[SourceQuality "1"]

{[%evp 20,165,25,6,38,26,79,42,43,6,15,0,41,47,44,44,44,45,78,41,49,52,76,57,72,74,70,70,135,141,135,135,137,131,193,195,185,116,210,229,227,221,229,221,216,220,229,223,202,222,193,172,158,50,50,50,53,53,53,53,53,53,53,53,53,53,67,53,53,53,67,53,53,15,15,15,15,15,15,15,15,15,15,15,22,22,106,106,106,106,117,117,199,81,81,81,81,81,87,73,73,73,73,73,73,0,73,0,73,73,73,73,73,0,73,73,73,73,73,73,73,27,27,28,29964,29960,5193,2608,29961,8,29971,29973,29974,29974,29974,29975,29972,5314,29979,29980,29980,29981,29981,29982,29981,29981,29973,29961]} 1. Nf3 f5 2. d4 Nf6 3. c4 g6 4. g3 Bg7 5. Bg2 O-O 6. O-O c6 7. Nc3 d6 8. d5 e5 9. dxe6 Bxe6 10. Qd3 Na6 {[%cal Bb8a6,Ba6c5,Bc5e6][%mdl 32]} 11. Ng5 Bf7 {A88: Dutch Defence: Leningrad System: 5 Nf3 0-0 6 0-0 d6 7 Nc3 c6.} 12. Bf4 {[#]} Qa5 $146 (12... Nd7 $11) ({Predecessor:} 12... d5 13. Nxf7 Rxf7 14. cxd5 Nb4 15. Qc4 Nbxd5 16. Rad1 Kh8 17. Bxd5 cxd5 18. Nxd5 Rd7 19. Nc3 {½-½ (53) Zakharchenko,A (2179)-Collas,D (2396) Sunny Beach 2013}) 13. Nxf7 {White is more active.} (13. Qxd6 $6 Rfd8 14. Qe7 Rd7 $1 $15) (13. Bxd6 {seems wilder.} Rad8 14. Rfd1 Ne8 15. Nxf7 Rxf7 16. Bb4) 13... Rxf7 {White is slightly better.} 14. a3 {With the idea b4.} ({But not} 14. Qxd6 Rd8 15. Qa3 Qxa3 16. bxa3 Rd4 $15) 14... Nc5 $1 15. Qc2 ({Much weaker is} 15. Qxd6 Rd8 16. b4 Rxd6 $15) 15... Qc7 (15... Qa6 $11) 16. Rad1 $14 Rd8 17. b4 $36 {[%mdl 2048] Black is under pressure.} Ne6 18. Bc1 Ng4 {[%cal Od6d5]} 19. e3 (19. e4 $5 {[%cal Rc3e2]}) 19... Ne5 20. Ne2 Kh8 21. Nd4 Nxd4 22. exd4 Ng4 23. Bf4 {And now c5 would win.} Qd7 (23... Bh6 $14) 24. d5 $16 {dxc6 is the strong threat.} c5 25. bxc5 dxc5 26. Rfe1 Re7 (26... Rff8 $16 {was worth a try.} 27. h3 Nf6) 27. h3 $18 Nf6 28. d6 (28. Rxe7 $18 Qxe7 29. d6) 28... Rxe1+ (28... Ree8 $16) 29. Rxe1 Re8 {Inhibits Re7.} 30. Rxe8+ Nxe8 31. Qd3 {aiming for Qd5.} Bd4 {[#]} 32. Qf3 $1 Nf6 (32... Nxd6 $2 33. Qd5 $18) 33. Qxb7 Qxb7 34. Bxb7 {[%mdl 4096] Endgame KBB-KBN} Kg8 35. Bc6 {Threatens to win with d7.} Kf7 36. d7 (36. Kg2 $16) 36... Ke7 $14 37. Bb8 {This bishop pair is nice.} a6 $1 38. Bc7 Nxd7 39. Bb7 Ne5 40. Bxa6 Kd7 $1 41. Bxe5 Bxe5 {KB-KB} 42. Kg2 Kd6 43. Bc8 Bc3 44. a4 Ke5 45. Kf3 h6 46. g4 f4 47. g5 hxg5 48. Kg4 Kf6 49. Bb7 Ba5 50. Be4 Bc7 51. Bc2 Ba5 52. Kf3 Ke5 (52... Be1 $11) 53. Bxg6 $16 Bd8 54. Kg4 Kf6 55. Be4 Bc7 (55... Ke5 $16 56. f3 Kf6) 56. f3 (56. Bf5 $18 {is more deadly.}) 56... Ba5 57. Kh5 Bd8 58. Kh6 Ba5 59. Bd5 Be1 60. Kh7 Bc3 61. Kg8 Ke7 62. Kh7 Kf6 $1 63. Kh6 (63. Be4 $16) 63... Ba5 (63... Be1 $1 $11) 64. Kh5 Bd8 65. Kg4 Bc7 66. Be4 (66. Bb7 $16) 66... Bd8 (66... Ba5 $11) 67. h4 gxh4 68. Kxf4 {Strongly threatening Bf5.} Ke6 69. Bd5+ Kf6 70. Kg4 ({White should play} 70. Ba8 $16) 70... Ke5 $11 71. f4+ {[%cal Bf3f4,Bf4f5][%mdl 32]} Kd6 $2 {[%mdl 8192]} (71... Kd4 $11) 72. Kf5 Ba5 73. Kf6 {Hoping for Kg6.} h3 74. Kf7 $2 (74. f5 {mates} Bc3+ 75. Kg6 Ke7 76. Be4 Kf8 77. f6 Ba5 78. Bd5 Bc7 79. Be6) 74... Bd8 $2 {[%mdl 8192]} (74... Kc7 $11) 75. f5 Ke5 76. Ke8 Ba5 77. Kd7 h2 78. Kc6 (78. f6 $142 Kxf6 79. Kc6 Ke5 80. Kb5 Bc7 81. a5 Kd4 82. a6 Bb8 83. Kc6) 78... Kxf5 {[#]} 79. Kb5 $1 {White mates.} Bc7 80. a5 {[%cal Ba4a5,Ba5a6][%mdl 32]} Ke5 81. a6 Bb8 82. Kb6 Kd4 83. Kb7 {Weighted Error Value: White=0.10 (very precise) /Black=0.15 (very precise)} 1-0

[Event "Czech-ch U18-20 Open 2022"]
[Site "Spindleruv Mlyn"]
[Date "2022.03.16"]
[Round "8.2"]
[White "Frank, Adam"]
[Black "Kusa, Jakub"]
[Result "1-0"]
[WhiteElo "2270"]
[BlackElo "2298"]
[Annotator "TA"]
[PlyCount "67"]
[EventDate "2022.03.10"]
[EventType "tourn"]
[EventCountry "CZE"]
[SourceTitle "playchess.com"]
[Source "ChessBase"]
[SourceQuality "1"]

{[%evp 12,67,14,14,14,14,25,16,20,0,157,161,202,202,204,201,207,201,163,180,218,220,208,198,217,226,277,212,220,177,184,185,184,185,176,160,175,175,171,148,193,194,285,265,306,310,392,407,476,469,466,459,454,412,454,439,447,404]} 1. e4 e5 2. Nf3 Nc6 3. Bb5 a6 4. Ba4 Nf6 5. d3 b5 6. Bb3 Bc5 7. Nc3 {7.c3 is a critical line.} d6 {C77: Ruy Lopez: 3...a6 4 Ba4 Nf6, unusual lines.} 8. Nd5 h6 {To avoid Bg5} 9. c3 Be6 {The position is equal.} 10. O-O {[#] Strongly threatening d4.} O-O $2 (10... Bxd5 $11 11. exd5 Ne7) 11. d4 $16 exd4 (11... Nxe4 {was called for.} 12. dxc5 Nxc5) 12. cxd4 $18 Nxe4 {[%cal Oc6a5]} 13. dxc5 {[#]} dxc5 $146 ({Predecessor:} 13... Nxc5 14. Bc2 Ne7 15. Nxe7+ Qxe7 16. Be3 Nd7 17. Qd3 f5 18. Nd4 Ne5 19. Qe2 Bc4 {1-0 (41) Chandratreya,P (1998)-Serrer,C (2283) Chess.com INT 2021}) 14. Nc3 Nxc3 15. bxc3 Qf6 16. Bxe6 Qxe6 17. Re1 Qf6 18. Be3 c4 19. Qc2 Rad8 20. Rad1 Rxd1 21. Rxd1 ({Resist} 21. Qxd1 $6 Qxc3 22. Bd2 Qd3 $14) 21... Rd8 22. Rxd8+ Qxd8 23. h3 Ne7 24. Qe4 Nd5 25. Qe5 Nxe3 (25... Qd7 $16 26. Bd2 c5) 26. Qxe3 Qf8 (26... Qd5 {was necessary.} 27. Ne5 Kh7) 27. Nd4 Qa3 28. Nf5 {[#] Black must now prevent Qe8+.} Kh7 29. Qe5 {[%csl Gf5,LRc7,LRg7][%cal Re5g7]} Qc1+ 30. Kh2 {[%csl Gf5][%cal Re5g7]} Qg5 31. f4 Qg6 32. Ne7 Qd3 33. Qxc7 {White threatens Qc8 and mate.} Qe3 34. Nd5 {White took control after the opening.  Weighted Error Value: White=0.08 (flawless) /Black=0.32} 1-0

[Event "Czech-ch U18-20 Open 2022"]
[Site "Spindleruv Mlyn"]
[Date "2022.03.16"]
[Round "8.3"]
[White "Ocelak, Jakub"]
[Black "Stalmach, Richard"]
[Result "0-1"]
[WhiteElo "2053"]
[BlackElo "2302"]
[Annotator "TA"]
[PlyCount "70"]
[EventDate "2022.03.10"]
[EventType "tourn"]
[EventCountry "CZE"]
[SourceTitle "playchess.com"]
[Source "ChessBase"]
[SourceQuality "1"]

{[%evp 14,70,27,20,28,33,31,12,20,11,11,12,23,1,1,0,0,-25,-8,-21,-18,-26,-30,-39,-7,-14,-27,-67,-46,-54,45,32,81,0,0,0,81,108,119,119,107,136,141,-113,-72,-102,-110,-149,-68,-204,-208,-854,-837,-890,-890,-782,-775,-837,-806]} 1. d4 Nf6 2. c4 g6 3. g3 Bg7 4. Bg2 O-O 5. Nc3 d6 6. Nf3 Nc6 7. d5 Na5 8. b3 {is now more promising than 8.Nd2.} c5 {[%cal Of6d5] E62: King's Indian: Fianchetto: 6...c6 and Panno Variation (6...Nc6) without ...a6.} 9. Bb2 a6 {[%cal Ob7b5]} 10. Nd2 Rb8 {The position is equal.} 11. a4 e5 12. O-O {[#]} Bd7 $146 ({Predecessor:} 12... Ne8 13. e4 Bd7 14. Re1 f5 15. exf5 gxf5 16. Qc2 Qg5 17. Rab1 Qh5 18. Ne2 Nf6 {0-1 (18) Korzans,V (2214)-Cousins,R (2207) ICCF email 2015}) 13. Re1 h5 14. e3 h4 15. Bf1 b6 16. Nf3 hxg3 17. hxg3 Nh7 18. Be2 f5 (18... e4 $5 19. Nd2 Ng5 $15) 19. Kg2 g5 20. Nd2 g4 $1 21. e4 f4 ({Black should play} 21... Qf6 $15 22. exf5 Qxf5) 22. Bxg4 $14 {Black must now prevent Rh1.} Ng5 (22... fxg3 $14 23. fxg3 Bh6) 23. Bxd7 (23. Bf5 $1 $16) 23... Qxd7 $11 24. Rh1 {To avoid Qh3+} ({Of course not} 24. Qh5 f3+ 25. Kg1 Nh3+ 26. Kf1 Rf6 $15) 24... f3+ ({Don't take} 24... fxg3 25. fxg3 Nf7 26. Qh5 $18) (24... Rf6 $1 $11 {remains equal.}) 25. Kf1 $16 Rf6 26. Ke1 (26. Bc1 {with more complications.} Rh6 27. Rxh6 Bxh6 28. Rb1 Qh3+ 29. Ke1) 26... Rh6 27. Rxh6 Bxh6 28. Nxf3 $2 {[%mdl 8192]} (28. Bc1 $16 {stays on course.}) 28... Nxf3+ $17 29. Qxf3 Nxb3 30. Rd1 {[#]} Nd4 $1 {Black is more active.} 31. Qh5 {[#] This move loses the game for White.} (31. Qh1 $1 $15 Kg7 32. Kf1) 31... Kg7 $1 $19 {Strongly threatening ...Rh8.} 32. f3 $2 (32. Bc1 Bxc1 33. Rxc1) 32... Rh8 {[%cal Oh6d2] Threatens to win with ...Bd2+! Black is clearly winning.} 33. Qg4+ Qxg4 34. fxg4 Be3 {[%cal Rh8h1]} 35. Kf1 Rh2 {Weighted Error Value: White=0.62/Black=0.12 (very precise)} 0-1

[Event "Czech-ch U18-20 Open 2022"]
[Site "Spindleruv Mlyn"]
[Date "2022.03.16"]
[Round "8.4"]
[White "Mladek, Richard"]
[Black "Lajbl, Jan"]
[Result "0-1"]
[WhiteElo "2374"]
[BlackElo "2218"]
[Annotator "TA"]
[PlyCount "132"]
[EventDate "2022.03.10"]
[EventType "tourn"]
[EventCountry "CZE"]
[SourceTitle "playchess.com"]
[Source "ChessBase"]
[SourceQuality "1"]

{[%evp 9,132,0,0,0,9,12,33,36,25,25,28,37,18,34,27,27,27,45,30,29,54,59,39,50,90,-142,-160,-160,-156,-158,-152,-141,-144,-161,-140,-161,-133,-132,-135,-151,-119,-149,-156,-138,-135,-197,-178,-166,-171,-164,-155,-152,-152,-176,-146,-262,-256,-457,-454,-449,-444,-768,-224,-222,-228,-231,-161,-190,-162,-168,-157,-150,-136,-136,-136,-161,-149,-145,-125,-136,-136,-136,-64,-176,-62,-131,-62,-62,-62,-62,-64,-358,-348,-370,-340,-326,-326,-29978,-29979,-29979,-29980,-29980,-29981,-29981,-29982,-29982,-29983,-29983,-29984,-29984,-29981,-29985,-29986,-29986,-29987,-29990,-29989,-29991,-29992,-29995,-29996,-29996,-29997,-29997,-8]} 1. e4 c6 2. d4 d5 3. e5 c5 4. dxc5 e6 5. a3 Bxc5 6. Qg4 {B12: Caro-Kann: Advance Variation.} Ne7 7. Nf3 O-O 8. Bd3 {[%cal Od3h7] White is slightly better.} f5 9. exf6 Rxf6 {[%cal Oe6e5] Hoping for ...e5!} 10. Qh5 h6 {[%cal Oe6e5]} 11. O-O $36 {[%mdl 2048] White has the initiative.} Bd6 12. Bd2 {[#]} Nbc6 $146 ({Predecessor:} 12... Nd7 13. Bc3 Rf4 14. Nbd2 Nc5 15. Bg6 Bd7 16. g3 Rf8 17. b4 Na4 18. Be5 Bb5 {½-½ (33) Ilyasov,A (2385)-Zajsek,F (2381) GER email 2018}) 13. Bc3 {To avoid e5} Rf4 14. g3 Rf7 {[%cal Oe6e5] [#]} 15. Bh7+ $1 Kf8 {[%cal Oe6e5,Bg8f8,Bf8g7,Bg7h7][%mdl 32]} 16. Nbd2 e5 17. Nxe5 $2 (17. Bxe5 $16 Bf5 18. Bxd6 Qxd6 19. Bxf5 Rxf5 20. Qg4) 17... Bxe5 $17 18. Bxe5 Bf5 19. Bxf5 Rxf5 20. Bxg7+ Kxg7 21. Qg4+ Kh7 22. Rae1 Qg8 23. Qe2 Qg6 24. f4 Raf8 25. Kh1 R5f7 26. Nf3 Nf5 27. g4 (27. Qd3 $17) 27... Nfd4 28. Nxd4 Nxd4 29. f5 Qg5 30. Qd1 Nc6 {[%cal Oh6h5]} 31. Re6 Rg7 32. Qxd5 (32. Rg6 $17 Qd8 33. Rxg7+ Kxg7 34. Qf3) 32... Rd8 $19 ({Not} 32... Qxg4 $2 33. Rg6 Ne7 34. Rxg7+ Qxg7 35. Qxb7 $19) 33. Rd6 (33. Qe4 Rd4 34. Qe3) 33... Rxd6 34. Qxd6 Qxg4 {[%csl Gg7][%cal Rg4g2]} 35. Qd5 {[#] To avoid Qg2+} (35. Qg3 $142 Qe4+ 36. Qf3 Qxc2 37. Rf2) 35... Ne7 $2 (35... Ne5 $1 {[%mdl 512] White must now prevent ...Qe2.} 36. f6 {[#]} Qe2 $1) 36. Qxb7 {f6 is the strong threat.} Nxf5 {[%cal Of5g3] ( -> ...Ng3+!)} 37. Qf3 {To avoid Ng3+. And now Qxg4 would win.} Qxf3+ 38. Rxf3 {[%mdl 4096] Endgame KRN-KR} Nd4 39. Rf2 Rc7 40. c3 Nb3 41. Kg2 Kg6 42. Kg3 Nc5 43. Rf8 a5 44. Rb8 a4 45. Rb4 Kf5 (45... Re7 $17 46. Rg4+ Kf5 47. Rf4+ Ke5) 46. Kf3 (46. Kh4 $1 $15) 46... Ke5 (46... Nd3 $19 47. Rb6 Ne5+ 48. Ke2 Re7) 47. Ke3 ({Better is} 47. Rh4 $15) 47... Rb7 (47... Re7 $17 48. Rh4 Kf6+ 49. Kf3 Rh7) 48. Rh4 $15 Rxb2 49. Rh5+ Kd6 50. Rxh6+ $2 {[%mdl 8192] Now White is beyond hope.} (50. Kd4 $1 $15) 50... Kd5 $19 51. Rh4 Rc2 52. c4+ Rxc4 53. Rxc4 (53. Rh5+ $19 Kc6 54. Rh8) 53... Kxc4 {KN-KPP. Black mates.} 54. h4 Nd7 55. Kd2 Nf6 56. Kc2 Nh5 57. Kb2 Kd3 58. Kb1 Kc3 59. Ka2 Kc2 60. Ka1 Kb3 61. Kb1 Kxa3 62. Ka1 Kb3 63. Kb1 a3 {[%cal Ba4a3,Ba3a2][%mdl 32]} 64. Ka1 Nf4 65. Kb1 a2+ 66. Ka1 Ne2 {[%mdl 32768] Weighted Error Value: White=0.46/Black=0.20 (precise) . Loss on time!?} 0-1